| LEADER | 00778nam a2200169 4500 | ||
|---|---|---|---|
| 999 | |c 16063 |d 16063 | ||
| 082 | |a 394.4 |b T450Đ | ||
| 100 | |a Tô Đông Hải | ||
| 245 | |a Nghi lễ và âm nhạc trong nghi lễ của người Jrai |c Tô Đông Hải | ||
| 260 | |a H. |b Văn hóa dân tộc |c 2018 | ||
| 300 | |a 392tr. |c 21cm. | ||
| 500 | |a Đầu trang tên sách ghi: Liên hiệp các hội văn học nghệ thuật Việt Nam. Hội Văn học nghệ thuật các dân tộc thiểu số Việt Nam | ||
| 520 | |a .... | ||
| 653 | |a Văn hóa dân gian |a Nghi lễ |a Âm nhạc |a Dân tộc Jrai |a Việt Nam | ||
| 856 | |u . | ||
| 942 | |2 ddc |c SH | ||
| 952 | |0 0 |1 0 |2 ddc |4 0 |6 394_400000000000000_T450Đ |7 0 |8 300 |9 118323 |a qbu |b qbu |c D2 |d 2020-06-17 |g 35000 |o 394.4 T450Đ |p 12974.c1 |r 2020-06-17 |w 2020-06-17 |y SH | ||